Análisis estructural del relato /
Guardado en:
| Andre forfattere: | |
|---|---|
| Format: | Bog |
| Sprog: | spansk |
| Udgivet: |
México :
Premiá,
1990, c1990
|
| Udgivelse: | 7a edición |
| Serier: | (La Red de Jonás Literatura. Sección Estudios ;
7) |
| Fag: | |
| Tags: |
Ingen Tags, Vær først til at tagge denne postø!
|
MARC
| LEADER | 00000nam^a2200000^a^4500 | ||
|---|---|---|---|
| 001 | 000594168 | ||
| 005 | 20250521000000.0 | ||
| 009 | 20260310133022.223 | ||
| 020 | |a 968-434-205-5 | ||
| 037 | |a Acervo ITESO - Biblioteca | ||
| 041 | |a ESP | ||
| 082 | |a 411. 34 |b ANA | ||
| 240 | 1 | 1 | |a [Análisis estructural del relato] |
| 245 | 0 | 0 | |a Análisis estructural del relato / |c R. Barthes... [et al.] ; tr. por Beatriz Dorriots, Ana Nicole Vaisse. |
| 250 | |a 7a edición | ||
| 264 | 4 | |a México : |b Premiá, |c 1990, c1990 | |
| 300 | |a 223 p. | ||
| 336 | |a texto |b txt |2 rdacontenido | ||
| 337 | |a sin mediación |b n |2 rdamedio | ||
| 338 | |a volumen |b nc |2 rdasoporte | ||
| 440 | 4 | |a (La Red de Jonás Literatura. |p Sección Estudios ; |v 7) | |
| 500 | |a Traducción de: L'analyse structurale du récit | ||
| 649 | |a XX | ||
| 650 | |a Análisis del Discurso | ||
| 650 | |a Sintaxis Estructural - |x Tema Principal | ||
| 650 | |a Semiótica Estructural | ||
| 650 | |a Lingüística Estructural | ||
| 650 | |a Lingüística | ||
| 700 | |a Barthes, Roland |e (autor) | ||
| 910 | |a Fondo Castillo-Martínez | ||
| 920 | |a Impresos - Libros | ||
| 930 | |a Fondos Especiales | ||
| 905 | |a 127 | ||
| 901 | |a 594168-10 |b IT2 |c ESP |i D128161 |u 20250521 | ||
| 902 | |a https://opac.biblio.iteso.mx/vufind/Record/000594168 | ||